| 000 | 00444nam a2200145 4500 | ||
|---|---|---|---|
| 003 | OSt | ||
| 005 | 20221209160901.0 | ||
| 008 | 221209b |||||||| |||| 00| 0 eng d | ||
| 040 | _cBiblioteca Lado V | ||
| 082 |
_a700 _bC339c |
||
| 245 |
_aC.A.S.I.T.A./ _bCaja Andante Seriada Infiltrada en el trabajo y el Arte/ |
||
| 300 | _bes una caja naranja | ||
| 700 |
_aBessa, Antonio Sergio _eautor |
||
| 942 |
_2ddc _c1 _h700 _iC339c |
||
| 999 |
_c2718 _d2718 |
||